Statistics for Is it Owned by Nintendo?

Click here to take the quiz!

General Stats

  • This quiz has been taken 79 times
  • The average score is 13 of 15

Answer Stats

QuestionAnswer% Correct
MarioNintendo
100%
Lara CroftAnother Company
99%
Minecraft SteveAnother Company
99%
MiiNintendo
99%
Donkey KongNintendo
97%
Chase McCainAnother Company
96%
Master ChiefAnother Company
91%
Mr. Game and WatchNintendo
86%
SonicAnother Company
83%
Vault BoyAnother Company
78%
PAC-MANAnother Company
78%
Little MacNintendo
74%
RyuAnother Company
68%
Tetris BlocksAnother Company
68%
DJ OctavioNintendo
42%

Score Distribution

Percentile by Number Answered

Percent of People with Each Score

Your Score History

You have not taken this quiz